| 000 | 01791cam a2200409 i 4500 | ||
|---|---|---|---|
| 999 |
_c522746 _d522746 |
||
| 001 | 20229215 | ||
| 003 | NUST | ||
| 005 | 20190108061541.0 | ||
| 008 | 171221s2017 pk a 100 0 eng | ||
| 010 | _a 2017332808 | ||
| 020 | _a9789698721633 | ||
| 025 | _aP-E-2017332808; 33 | ||
| 037 | _bLibrary of Congress -- Islamabad Overseas Office | ||
| 038 | _aMuhammad Ibrahim | ||
| 040 |
_aDLC _beng _cDLC _erda |
||
| 042 |
_alcode _apcc |
||
| 043 | _aa-af--- | ||
| 050 | 0 | 0 |
_aJZ5584.A33 _bI58 2017 |
| 082 |
_a958.1 _bACH 2017 |
||
| 111 | 2 |
_aInternational Conference on 'Achieving Peace in Afghanistan: Challenges and Prospects _d(2017 : _cIslāmābād : Pakistan) _913006 |
|
| 245 | 0 | 0 |
_aAchieving Peace in Afghanistan : _bchallenges and prospects / _cacting president, Brigadier (R) Sohail Tirmizi, SI (M), conference coordinator, Sobia Saeed Paracha; editor, Sarah Siddiq Aneel, assistant conference coordinator, Umar Farooq Khan. |
| 264 | 1 |
_aIslamabad : _bIslamabad Policy Research Institute : _bHanns Seidel Foundation, _c2017. |
|
| 300 |
_axvi, 157 pages : _bcolor illustrations ; _c24 cm |
||
| 336 |
_atext _btxt _2rdacontent |
||
| 337 |
_aunmediated _bn _2rdamedia |
||
| 338 |
_avolume _bnc _2rdacarrier |
||
| 650 | 0 |
_aPeace-building _zAfghanistan _vCongresses. _913007 |
|
| 650 | 0 |
_aPeace-building _xInternational cooperation _vCongresses. _913008 |
|
| 650 | 0 |
_aInternal security _zAfghanistan _vCongresses. _913009 |
|
| 651 | 0 |
_aAfghanistan _xPolitics and government _y2001- _vCongresses. _913010 |
|
| 700 | 1 |
_aAneel, Sarah Siddiq, _eeditor. _913011 |
|
| 710 | 2 |
_aIslamabad Policy Research Institute. _913012 |
|
| 710 | 2 |
_aHanns-Seidel-Stiftung _93841 |
|
| 906 |
_a7 _bcbc _corigode _d3 _encip _f20 _gy-gencatlg |
||
| 942 |
_2ddc _cBK |
||